00705cam a22002171 4500001001300000003000400013005001700017008004100034010001700075035002000092040001700112042001200129050001600141100002500157245008800182260003900270300007300309500005700382610003100439999001700470ca 30000020 DLC20260227111122.0880203s1923 pl aceh b 001 0 pol  aca 30000020  a(OCoLC)19939930 aDLCcPUdDLC apremarc00aZ818.K89bK1 aKonczyńska, Wanda.10aZarys historji Bibljoteki Jagiellońskiej,bz 40 rycinami w tekście i 3 planami. aKraków,bNakład własny,c1923. aiv, 203 p.billus. (incl. ports., plans, facsims.) III plansc29 cm. a"Z zasiłkiem 800.000 m. Ministerstwa W. R. i O. P."20aBiblioteka Jagiellońska. c16566d16566